[Event "10. HIT Open 2005 - B"]
[Site "Nova Gorica SLO"]
[Date "2005.01.28"]
[Round "1.22"]
[White "Grosar, Gari"]
[Black "Lapornik, Robert"]
[Result "1-0"]
[WhiteElo "1500"]
[BlackElo "2000"]
[PlyCount "77"]
[EventDate "2005.01.28"]
[EventType "swiss"]
[EventRounds "9"]
[EventCountry "SLO"]
[Source "lmi"]
[SourceDate "2005.02.03"]

1. e4 Nf6 2. e5 Nd5 3. Bc4 Nb6 4. Bb3 e6 5. Nf3 Be7 6. O-O Nc6 7. Nc3 a6 8. d4
Na5 9. Be3 Nxb3 10. axb3 Nd5 11. Nxd5 exd5 12. c4 c6 13. c5 h6 14. Bd2 b6 15.
b4 b5 16. Qc2 g5 17. h3 h5 18. Nh2 Rh6 19. f4 gxf4 20. Rxf4 Bg5 21. Rf2 Rg6 22.
Qf5 Qe7 23. Raf1 d6 24. Bxg5 Bxf5 25. Bxe7 Be6 26. exd6 Bxh3 27. Rxf7 Rxg2+ 28.
Kh1 Rxh2+ 29. Kxh2 Bxf1 30. Rf8+ Kd7 31. Rxa8 Be2 32. Rxa6 Bg4 33. Ra7+ Ke8 34.
Bh4 Bd7 35. Ra8+ Kf7 36. Rd8 Bg4 37. d7 Ke6 38. Kg3 Be2 39. Re8+ 1-0

[Event "10. HIT Open 2005 - B"]
[Site "Nova Gorica SLO"]
[Date "2005.01.28"]
[Round "1.23"]
[White "Muradore, Aldo"]
[Black "Peranovic, Zdravko"]
[Result "0-1"]
[WhiteElo "2000"]
[BlackElo "1500"]
[PlyCount "78"]
[EventDate "2005.01.28"]
[EventType "swiss"]
[EventRounds "9"]
[EventCountry "SLO"]
[Source "lmi"]
[SourceDate "2005.02.03"]

1. d4 d5 2. c4 e6 3. cxd5 exd5 4. Nc3 Nf6 5. Bg5 Be7 6. Nf3 Ne4 7. Bxe7 Nxc3 8.
bxc3 Qxe7 9. e3 Bg4 10. Be2 Nd7 11. O-O O-O 12. Qb3 Nb6 13. Rfe1 c5 14. Ne5 Be6
15. a4 c4 16. Qb2 Rab8 17. a5 Nd7 18. f4 f6 19. Nxd7 Qxd7 20. Bf3 f5 21. Reb1
Rfe8 22. Qf2 b5 23. Bd1 Qd6 24. Bh5 g6 25. Qg3 Bf7 26. Bf3 b4 27. h4 Kh8 28.
Bd1 bxc3 29. Ba4 Rxb1+ 30. Rxb1 Rb8 31. Rxb8+ Qxb8 32. Bc2 Qb2 33. Qf2 Qc1+ 34.
Kh2 Qd2 35. Qxd2 cxd2 36. Kg1 Be8 37. Kf2 Bb5 38. Kf3 c3 39. g4 Bd3 0-1

[Event "10. HIT Open 2005 - B"]
[Site "Nova Gorica SLO"]
[Date "2005.01.28"]
[Round "1.24"]
[White "Bucer, Savin"]
[Black "Di-Donato, Giovanni"]
[Result "1-0"]
[WhiteElo "1500"]
[BlackElo "2125"]
[PlyCount "97"]
[EventDate "2005.01.28"]
[EventType "swiss"]
[EventRounds "9"]
[EventCountry "SLO"]
[Source "lmi"]
[SourceDate "2005.02.03"]

1. e4 c5 2. c3 g6 3. d4 cxd4 4. cxd4 Bg7 5. Nf3 d6 6. Bc4 Nf6 7. Nc3 O-O 8. O-O
Nc6 9. h3 a6 10. a3 e6 11. Be3 Nxe4 12. Nxe4 d5 13. Bd3 dxe4 14. Bxe4 Ne7 15.
Qd2 f5 16. Bb1 Nd5 17. Bh6 Rf7 18. Bxg7 Kxg7 19. Re1 Qc7 20. Ba2 b5 21. Rac1
Qf4 22. Qe2 Qd6 23. Rc5 Rc7 24. Rec1 Raa7 25. Ne5 Nf4 26. Qe3 Nd5 27. Qe2 Kf6
28. Rc6 Rxc6 29. Rxc6 Nf4 30. Rxd6 Nxe2+ 31. Kf1 Nxd4 32. Nxg6 hxg6 33. Rxd4
Rd7 34. Rxd7 Bxd7 35. Ke2 Bc6 36. g3 Bd5 37. Bxd5 exd5 38. Ke3 Ke5 39. f4+ Ke6
40. b4 Kd7 41. Kd4 Kd6 42. h4 a5 43. bxa5 Kc6 44. a6 Kb6 45. Kxd5 Kxa6 46. Ke6
Ka5 47. Kf6 Ka4 48. Kxg6 Kxa3 49. h5 1-0

[Event "10. HIT Open 2005 - B"]
[Site "Nova Gorica SLO"]
[Date "2005.01.28"]
[Round "2.2"]
[White "Diotallevi, Maurizio"]
[Black "Laco, Giuseppe"]
[Result "1-0"]
[WhiteElo "2083"]
[BlackElo "2104"]
[PlyCount "77"]
[EventDate "2005.01.28"]
[EventType "swiss"]
[EventRounds "9"]
[EventCountry "SLO"]
[Source "lmi"]
[SourceDate "2005.02.03"]

1. Nf3 c5 2. c4 g6 3. g3 b6 4. Bg2 Bb7 5. O-O Bg7 6. Nc3 f5 7. d3 Nf6 8. Bd2
O-O 9. Qc1 Re8 10. Re1 e5 11. e4 d6 12. a3 Nc6 13. Rb1 fxe4 14. dxe4 Nd4 15.
Qd1 Bc8 16. h3 Be6 17. b3 h6 18. Kh2 Qd7 19. Be3 Rf8 20. Nd2 g5 21. Nf1 Bf7 22.
Rb2 Rae8 23. Bc1 Bh5 24. f3 Rf7 25. Ne3 Bg6 26. g4 Bf8 27. Ne2 Rh7 28. Ng3 h5
29. Kg1 hxg4 30. hxg4 Ne6 31. Nef5 Rd8 32. Kf2 Nf4 33. Rh1 Rxh1 34. Bxh1 Bf7
35. Bg2 Be6 36. Rd2 b5 37. Bf1 a6 38. Bb2 Bxf5 39. Nxf5 1-0

[Event "10. HIT Open 2005 - B"]
[Site "Nova Gorica SLO"]
[Date "2005.01.28"]
[Round "2.3"]
[White "Skok, Joze"]
[Black "Petrovic, Marko"]
[Result "1-0"]
[WhiteElo "2102"]
[BlackElo "1927"]
[PlyCount "78"]
[EventDate "2005.01.28"]
[EventType "swiss"]
[EventRounds "9"]
[EventCountry "SLO"]
[Source "lmi"]
[SourceDate "2005.02.03"]

1. e4 b6 2. d4 Bb7 3. Nc3 e6 4. Bd3 Nf6 5. Nf3 d5 6. e5 Nfd7 7. Ng5 g6 8. Qf3
Qe7 9. Nb5 Na6 10. O-O h6 11. Qh3 Bg7 12. Nf3 Nf8 13. a3 Nb8 14. c4 a6 15. Nc3
dxc4 16. Bxc4 Nc6 17. Re1 Na5 18. Ba2 Qd7 19. b4 Nc6 20. d5 exd5 21. Qxd7+ Nxd7
22. Nxd5 O-O-O 23. Bf4 Rhe8 24. Rac1 Bxe5 25. Nxe5 Ndxe5 26. Nxc7 Kxc7 27. Bxf7
Re7 28. Bxe5+ Rxe5 29. Rxe5 Rd3 30. Re6 Rxa3 31. Be8 Kd8 32. Bxc6 Bc8 33. Rxg6
Bf5 34. Rxh6 Rb3 35. Rh4 a5 36. bxa5 bxa5 37. Ra4 Ke7 38. Rxa5 Be6 39. Re1 Kf6
1-0

[Event "10. HIT Open 2005 - B"]
[Site "Nova Gorica SLO"]
[Date "2005.01.28"]
[Round "2.4"]
[White "Punteri, Marco"]
[Black "Skoberne, Renato"]
[Result "0-1"]
[WhiteElo "2051"]
[BlackElo "2083"]
[PlyCount "40"]
[EventDate "2005.01.28"]
[EventType "swiss"]
[EventRounds "9"]
[EventCountry "SLO"]
[Source "lmi"]
[SourceDate "2005.02.03"]

1. d4 Nf6 2. c4 g6 3. Nc3 Bg7 4. e4 d6 5. f4 O-O 6. Nf3 c5 7. d5 a6 8. Bd3 e6
9. a4 exd5 10. cxd5 Bg4 11. O-O Nbd7 12. Qe1 Bxf3 13. Rxf3 Qe7 14. Bc2 b5 15.
axb5 axb5 16. Rxa8 Rxa8 17. Nxb5 Nxd5 18. Qd2 Nb4 19. Bb3 Nb6 20. Nxd6 Bd4+ 0-1

[Event "10. HIT Open 2005 - B"]
[Site "Nova Gorica SLO"]
[Date "2005.01.28"]
[Round "2.5"]
[White "Padjen, Zdenko"]
[Black "Furlan, Albin"]
[Result "1-0"]
[WhiteElo "2069"]
[BlackElo "2083"]
[PlyCount "52"]
[EventDate "2005.01.28"]
[EventType "swiss"]
[EventRounds "9"]
[EventCountry "SLO"]
[Source "lmi"]
[SourceDate "2005.02.03"]

1. e4 e6 2. d3 b6 3. Nd2 Bb7 4. f4 Ne7 5. Ngf3 c5 6. g3 d5 7. Bg2 g6 8. O-O Bg7
9. Re1 O-O 10. Qe2 Nbc6 11. Nb3 Qc7 12. e5 Rac8 13. c3 Ba6 14. Qc2 c4 15. dxc4
dxc4 16. Nbd2 Na5 17. Ne4 Rcd8 18. Be3 Bb7 19. Nd6 Nf5 20. Nxf5 gxf5 21. Nd4
Bxg2 22. Qxg2 Rd5 23. Nxf5 Rfd8 24. Nxg7 Kxg7 25. Qe2 Rd3 26. f5 exf5 1-0

[Event "10. HIT Open 2005 - B"]
[Site "Nova Gorica SLO"]
[Date "2005.01.28"]
[Round "2.6"]
[White "Bizjak, Nejc"]
[Black "Ursic, Mateja"]
[Result "0-1"]
[WhiteElo "1500"]
[BlackElo "2048"]
[PlyCount "50"]
[EventDate "2005.01.28"]
[EventType "swiss"]
[EventRounds "9"]
[EventCountry "SLO"]
[Source "lmi"]
[SourceDate "2005.02.03"]

1. e4 e5 2. Nf3 Nc6 3. Bb5 a6 4. Ba4 Nf6 5. O-O Be7 6. Re1 b5 7. Bb3 O-O 8. c3
d5 9. exd5 Nxd5 10. d4 exd4 11. Nxd4 Nxd4 12. Qxd4 Bb7 13. Bxd5 Bxd5 14. Be3 c6
15. Qd1 Bd6 16. Qg4 Qc7 17. Kf1 Bc4+ 18. Kg1 Bxh2+ 19. Kh1 Bd6 20. Nd2 Bd5 21.
Rad1 f5 22. Qg5 Rf6 23. f3 Raf8 24. Bf2 Bf4 25. Bb6 Qxb6 0-1

[Event "10. HIT Open 2005 - B"]
[Site "Nova Gorica SLO"]
[Date "2005.01.28"]
[Round "2.7"]
[White "Peranovic, Zdravko"]
[Black "Budihna, Kristijan"]
[Result "0-1"]
[WhiteElo "1500"]
[BlackElo "2023"]
[PlyCount "136"]
[EventDate "2005.01.28"]
[EventType "swiss"]
[EventRounds "9"]
[EventCountry "SLO"]
[Source "lmi"]
[SourceDate "2005.02.03"]

1. d4 d5 2. c4 e6 3. Nc3 Be7 4. Nf3 Nf6 5. e3 O-O 6. Bd3 b6 7. O-O Bb7 8. Qe2
Nbd7 9. Bd2 Rc8 10. a3 dxc4 11. Bxc4 c5 12. dxc5 Bxc5 13. Nb5 a6 14. Nbd4 b5
15. Ba2 Qc7 16. h3 Ne4 17. Rac1 Qb8 18. Rfd1 Nxd2 19. Qxd2 Rfd8 20. b4 Bb6 21.
Rxc8 Qxc8 22. Rc1 Qa8 23. Qb2 Nf6 24. Qe2 h6 25. Rd1 Ne4 26. Rc1 Rc8 27. Rxc8+
Qxc8 28. Qc2 Qa8 29. Ne5 Nf6 30. f3 Qa7 31. Qd3 Nd5 32. Kf2 Nf6 33. Ndc6 Bxc6
34. Nxc6 Qc7 35. Qc2 Ne8 36. Bb1 g6 37. f4 Nd6 38. Ba2 Nf5 39. Nd4 Nxd4 40.
Qxc7 Bxc7 41. exd4 Bxf4 42. Bb3 Bd2 43. Ke2 Bc3 44. Kd3 Be1 45. d5 e5 46. Ke4
Bc3 47. g4 Kf8 48. d6 Ke8 49. d7+ Kxd7 50. Bxf7 Bb2 51. Bxg6 Bxa3 52. Kxe5 Bxb4
53. Kd5 Kc7 54. Bd3 Kb6 55. Kd4 Ka5 56. Bc2 Be7 57. Kc3 Kb6 58. Bf5 a5 59. Be6
Kc5 60. Bd7 a4 61. Kb2 Kb6 62. Be8 Ka5 63. Bd7 b4 64. Be8 Bf6+ 65. Ka2 Bg5 66.
Bg6 b3+ 67. Kb2 Kb4 68. Bf7 a3+ 0-1

[Event "10. HIT Open 2005 - B"]
[Site "Nova Gorica SLO"]
[Date "2005.01.28"]
[Round "2.8"]
[White "Picco, Ruggero"]
[Black "Antoniacci, Riccardo"]
[Result "1-0"]
[WhiteElo "2022"]
[BlackElo "2000"]
[PlyCount "59"]
[EventDate "2005.01.28"]
[EventType "swiss"]
[EventRounds "9"]
[EventCountry "SLO"]
[Source "lmi"]
[SourceDate "2005.02.03"]

1. e4 g6 2. d4 Bg7 3. f4 c6 4. Nf3 d5 5. e5 Bg4 6. Be2 e6 7. O-O Ne7 8. c3 h5
9. Nh4 Nf5 10. Nxf5 gxf5 11. Nd2 Nd7 12. Nf3 Bxf3 13. Rxf3 h4 14. Rh3 Nf8 15.
a4 Ng6 16. b4 Bh6 17. Qf1 f6 18. Bh5 Rg8 19. Qe1 fxe5 20. Qxe5 Kd7 21. Bxg6
Rxg6 22. b5 Bg7 23. Qe2 Rg4 24. bxc6+ bxc6 25. Rb1 Rb8 26. Rxb8 Qxb8 27. Rf3 c5
28. dxc5 Qb3 29. c6+ Kc8 30. Qxe6+ 1-0

[Event "10. HIT Open 2005 - B"]
[Site "Nova Gorica SLO"]
[Date "2005.01.28"]
[Round "2.9"]
[White "Di Lazzaro, Gabriele"]
[Black "Milinkovic, Zdravko"]
[Result "1-0"]
[WhiteElo "2012"]
[BlackElo "2016"]
[PlyCount "101"]
[EventDate "2005.01.28"]
[EventType "swiss"]
[EventRounds "9"]
[EventCountry "SLO"]
[Source "lmi"]
[SourceDate "2005.02.03"]

1. e4 c5 2. c3 e5 3. Nf3 d6 4. Bc4 h6 5. O-O Be6 6. Bxe6 fxe6 7. d4 Nc6 8. dxe5
dxe5 9. Qb3 Qc8 10. Na3 Bd6 11. Nc4 Bb8 12. Qb5 Nge7 13. Qxc5 O-O 14. Qa3 b5
15. Nb6 Qb7 16. Nxa8 Qxa8 17. Be3 Rf6 18. Bc5 Ng6 19. Be3 a5 20. Rad1 Qb7 21.
Qc5 Ba7 22. Qd6 Bxe3 23. fxe3 Qb6 24. Rfe1 Kh7 25. h4 h5 26. Kh2 Qb7 27. Qd7
Qa8 28. Rd6 Nce7 29. Rxe6 Qf8 30. Rxf6 Qxf6 31. Qh3 Qc6 32. Rd1 Kh6 33. Ng5 b4
34. Qd7 Qc5 35. Nf3 Qxe3 36. Qd2 Qxd2 37. Rxd2 Ng8 38. g3 Nf6 39. Ng5 Ne7 40.
Rd6 Kg6 41. Re6 Nc8 42. Kg2 bxc3 43. bxc3 Na7 44. Rxe5 Nc6 45. Re6 Nd8 46. Ra6
Nf7 47. Rxa5 Nxg5 48. Rxg5+ Kf7 49. Rf5 g6 50. Rxf6+ Kxf6 51. a4 1-0

[Event "10. HIT Open 2005 - B"]
[Site "Nova Gorica SLO"]
[Date "2005.01.28"]
[Round "2.10"]
[White "Kogoj, Boris"]
[Black "Ursic, Jakob"]
[Result "0-1"]
[WhiteElo "1849"]
[BlackElo "1943"]
[PlyCount "78"]
[EventDate "2005.01.28"]
[EventType "swiss"]
[EventRounds "9"]
[EventCountry "SLO"]
[Source "lmi"]
[SourceDate "2005.02.03"]

1. e4 e5 2. Nf3 Nc6 3. Bc4 Nf6 4. d3 Be7 5. Be3 d6 6. h3 O-O 7. Nc3 Na5 8. Bb3
Nxb3 9. axb3 a6 10. Qe2 h6 11. O-O Be6 12. Rad1 Nh7 13. Nh2 Bg5 14. f4 exf4 15.
Bxf4 f5 16. e5 Bxf4 17. Rxf4 Qg5 18. Rdf1 d5 19. d4 Qg6 20. Na4 Ng5 21. Kh1 Ne4
22. Kg1 Ng3 23. Qf3 Nxf1 24. Nxf1 b6 25. Ne3 Rad8 26. Nc3 c6 27. Na4 Rb8 28.
Qe2 a5 29. c4 Qg5 30. Qf1 g6 31. Nc3 Rbd8 32. Qf3 Kf7 33. h4 Qe7 34. cxd5 cxd5
35. Ncxd5 Bxd5 36. Nxd5 Qb7 37. Nc3 Qxf3 38. gxf3 g5 39. hxg5 hxg5 0-1

[Event "10. HIT Open 2005 - B"]
[Site "Nova Gorica SLO"]
[Date "2005.01.28"]
[Round "2.11"]
[White "Valic, Jakob"]
[Black "Fantini, Marco"]
[Result "0-1"]
[WhiteElo "1507"]
[BlackElo "1850"]
[PlyCount "70"]
[EventDate "2005.01.28"]
[EventType "swiss"]
[EventRounds "9"]
[EventCountry "SLO"]
[Source "lmi"]
[SourceDate "2005.02.03"]

1. e4 e6 2. Nf3 d5 3. e5 c5 4. c3 Nc6 5. d4 Qb6 6. Be2 cxd4 7. cxd4 Nge7 8. Bd3
Bd7 9. Bc2 Nb4 10. O-O Nxc2 11. Qxc2 Rc8 12. Nc3 Nf5 13. Be3 Be7 14. Qd2 O-O
15. a3 Rc4 16. g4 Nxe3 17. fxe3 Qb3 18. Qg2 Rc7 19. g5 b5 20. Rfb1 a5 21. Nd1
Rfc8 22. Nd2 Qd3 23. b4 Rc2 24. Rb2 Rxb2 25. Nxb2 Qxe3+ 26. Kh1 Qxd4 27. Nf3
Qc3 28. Rd1 axb4 29. Rd4 Qc1+ 30. Rd1 bxa3 31. Rxc1 Rxc1+ 32. Ng1 a2 33. Nd3
a1=Q 34. Nxc1 Qxc1 35. Qa2 Bc5 0-1

[Event "10. HIT Open 2005 - B"]
[Site "Nova Gorica SLO"]
[Date "2005.01.28"]
[Round "2.12"]
[White "Zorat, Paolo"]
[Black "Grosar, Gari"]
[Result "1-0"]
[WhiteElo "1900"]
[BlackElo "1500"]
[PlyCount "87"]
[EventDate "2005.01.28"]
[EventType "swiss"]
[EventRounds "9"]
[EventCountry "SLO"]
[Source "lmi"]
[SourceDate "2005.02.03"]

1. d4 d5 2. c4 dxc4 3. Nf3 Nf6 4. Nc3 Bf5 5. Ne5 e6 6. e3 Bb4 7. Bxc4 Ne4 8.
Bd2 Qf6 9. Nxe4 Bxd2+ 10. Nxd2 O-O 11. O-O c5 12. Ndf3 cxd4 13. Qxd4 Rd8 14.
Qf4 Qe7 15. e4 Bg6 16. Nxg6 hxg6 17. Ng5 Nd7 18. e5 Rac8 19. Rac1 Nf8 20. Rc3
Rc6 21. Rfc1 Rdc8 22. Bb3 Rxc3 23. Rxc3 Rd8 24. Rh3 Qd7 25. Kf1 Qc7 26. Rc3 Qd7
27. Rh3 Qc7 28. Qxf7+ Qxf7 29. Rh8+ Kxh8 30. Nxf7+ Kh7 31. Nxd8 b5 32. Bxe6
Nxe6 33. Nxe6 Kg8 34. Nc7 b4 35. Nd5 a5 36. e6 Kf8 37. Ke2 g5 38. Kf3 g6 39.
Kg4 Ke8 40. Kxg5 Kf8 41. Kxg6 Ke8 42. Kf6 Kf8 43. Nc7 a4 44. e7+ 1-0

[Event "10. HIT Open 2005 - B"]
[Site "Nova Gorica SLO"]
[Date "2005.01.28"]
[Round "2.13"]
[White "Bacic, Domagoj"]
[Black "Leban, Matej"]
[Result "1-0"]
[WhiteElo "1534"]
[BlackElo "1603"]
[PlyCount "92"]
[EventDate "2005.01.28"]
[EventType "swiss"]
[EventRounds "9"]
[EventCountry "SLO"]
[Source "lmi"]
[SourceDate "2005.02.03"]

1. d4 Nf6 2. c4 e5 3. dxe5 Ng4 4. Nf3 Bc5 5. e3 Nc6 6. Be2 Ngxe5 7. a3 a5 8. b3
Qf6 9. Ra2 Qg6 10. Nc3 Qxg2 11. Rf1 O-O 12. Qd5 d6 13. Nxe5 Qxd5 14. Nxd5 Nxe5
15. Nxc7 Rb8 16. h4 Bf5 17. Nd5 Nd3+ 18. Bxd3 Bxd3 19. Rg1 Kh8 20. Bb2 f6 21.
Bc3 b5 22. Bxa5 bxc4 23. b4 Ra8 24. Kd2 Be4 25. Nb6 Bxb6 26. Bxb6 Rfb8 27. Ba5
Rb5 28. Kc3 Rh5 29. Rg4 d5 30. Bb6 Kg8 31. a4 g5 32. hxg5 Rxg5 33. Rf4 Rf5 34.
Rxf5 Bxf5 35. f3 Bd7 36. a5 Kf7 37. a6 Ke6 38. a7 Bc6 39. Rh2 d4+ 40. Bxd4 Bxf3
41. Rxh7 Bd5 42. Rh6 Rf8 43. b5 Kf5 44. b6 Ke6 45. Bc5 Rd8 46. Rh7 Rc8 1-0

[Event "10. HIT Open 2005 - B"]
[Site "Nova Gorica SLO"]
[Date "2005.01.28"]
[Round "2.14"]
[White "Nardin, Flavij"]
[Black "Pagnutti, Lorenzo"]
[Result "1-0"]
[WhiteElo "2062"]
[BlackElo "2060"]
[PlyCount "77"]
[EventDate "2005.01.28"]
[EventType "swiss"]
[EventRounds "9"]
[EventCountry "SLO"]
[Source "lmi"]
[SourceDate "2005.02.03"]

1. d4 Nf6 2. c4 g6 3. Nc3 Bg7 4. e4 d6 5. Nf3 O-O 6. Be2 e5 7. d5 c5 8. O-O
Nbd7 9. Bg5 h6 10. Bd2 Nh5 11. Qc1 Kh7 12. g4 Nhf6 13. h3 Ne8 14. Kg2 Nb6 15.
Rb1 f5 16. g5 h5 17. exf5 Bxf5 18. Nh4 Qd7 19. Nxf5 Qxf5 20. f3 Rg8 21. Ne4 Bf8
22. Bd3 Qd7 23. Qc2 Be7 24. f4 Ng7 25. fxe5 dxe5 26. Rf7 Qe8 27. Rbf1 Kh8 28.
Bc3 Nd7 29. Ng3 h4 30. Bxg6 hxg3 31. Rxg7 Rxg7 32. Bxe8 Rxe8 33. h4 Bd6 34. g6
Rge7 35. Rf7 Kg8 36. Qf5 Rf8 37. Rxf8+ Nxf8 38. Qf6 Rd7 39. h5 1-0

[Event "10. HIT Open 2005 - B"]
[Site "Nova Gorica SLO"]
[Date "2005.01.28"]
[Round "2.15"]
[White "Plaskan, Jure"]
[Black "Vetrih, Joze"]
[Result "1-0"]
[WhiteElo "2031"]
[BlackElo "1805"]
[PlyCount "61"]
[EventDate "2005.01.28"]
[EventType "swiss"]
[EventRounds "9"]
[EventCountry "SLO"]
[Source "lmi"]
[SourceDate "2005.02.03"]

1. e4 e5 2. Nf3 Nc6 3. Bb5 Qf6 4. O-O Nd4 5. Nxd4 exd4 6. c3 Qe5 7. Qe2 Bd6 8.
f4 Qc5 9. cxd4 Qxd4+ 10. Kh1 a6 11. Bc4 b5 12. Bb3 Ne7 13. d3 Bc5 14. Nc3 Bb7
15. f5 O-O-O 16. Bf4 f6 17. Qc2 Bd6 18. Nd5 Nc6 19. Bxd6 cxd6 20. a4 b4 21. a5
Kb8 22. Ra4 Qc5 23. Qd2 Ka7 24. Rc1 Nxa5 25. Rxc5 Nxb3 26. Qxb4 Nxc5 27. Qb6+
Ka8 28. Nc7+ Kb8 29. Rb4 Rc8 30. Nxa6+ Ka8 31. Nxc5 1-0

[Event "10. HIT Open 2005 - B"]
[Site "Nova Gorica SLO"]
[Date "2005.01.28"]
[Round "2.16"]
[White "Belardinelli, Franco"]
[Black "Bonoli, Luciano"]
[Result "1-0"]
[WhiteElo "2000"]
[BlackElo "1725"]
[PlyCount "65"]
[EventDate "2005.01.28"]
[EventType "swiss"]
[EventRounds "9"]
[EventCountry "SLO"]
[Source "lmi"]
[SourceDate "2005.02.03"]

1. e4 d6 2. d4 Nf6 3. Nc3 c6 4. f4 Bg4 5. Nf3 Nbd7 6. Be2 Bxf3 7. Bxf3 e5 8.
Be3 Qc7 9. Qd2 exd4 10. Bxd4 Be7 11. O-O O-O 12. g4 c5 13. Be3 Nb6 14. b3 Rad8
15. Rad1 Qd7 16. Qg2 Qc8 17. a4 Rfe8 18. g5 Nfd7 19. a5 Na8 20. Be2 Nc7 21. Bc4
g6 22. h4 Bf8 23. Rf3 Bg7 24. Bc1 Ne6 25. Nb5 Nd4 26. Nxd6 Nxf3+ 27. Qxf3 Qc7
28. Nxf7 Kf8 29. Nxd8 Rxd8 30. e5 Ke7 31. Qd5 Rf8 32. Qe6+ Kd8 33. Bb5 1-0

[Event "10. HIT Open 2005 - B"]
[Site "Nova Gorica SLO"]
[Date "2005.01.28"]
[Round "2.18"]
[White "Lapornik, Robert"]
[Black "Stolfa, Rodolfo"]
[Result "0-1"]
[WhiteElo "2000"]
[BlackElo "1700"]
[PlyCount "61"]
[EventDate "2005.01.28"]
[EventType "swiss"]
[EventRounds "9"]
[EventCountry "SLO"]
[Source "lmi"]
[SourceDate "2005.02.03"]

1. Nf3 Nc6 2. c4 e5 3. d3 Nf6 4. e3 Bb4+ 5. Bd2 d6 6. a3 Bxd2+ 7. Nbxd2 Bg4 8.
Be2 O-O 9. h3 Bd7 10. b4 a6 11. Qc2 Qc8 12. Rg1 Bf5 13. g4 Bg6 14. Nh2 Re8 15.
h4 e4 16. d4 Nxd4 17. Qd1 Nxe2 18. Qxe2 h5 19. g5 Nd7 20. Nhf1 Ne5 21. Ng3 Nd3+
22. Kd1 Qg4 23. f3 exf3 24. Qxf3 Qxf3+ 25. Nxf3 Rxe3 26. Rf1 Nb2+ 27. Kc1 Nxc4
28. Rf2 Rae8 29. Kd1 Rd3+ 30. Kc1 Rxf3 31. Re2 0-1

[Event "10. HIT Open 2005 - B"]
[Site "Nova Gorica SLO"]
[Date "2005.01.28"]
[Round "2.19"]
[White "Samuelli, Daniele"]
[Black "Muradore, Aldo"]
[Result "1-0"]
[WhiteElo "1700"]
[BlackElo "2000"]
[PlyCount "26"]
[EventDate "2005.01.28"]
[EventType "swiss"]
[EventRounds "9"]
[EventCountry "SLO"]
[Source "lmi"]
[SourceDate "2005.02.03"]

1. e4 c5 2. Nf3 d6 3. d4 cxd4 4. Nxd4 Nf6 5. Nc3 a6 6. Be2 Bd7 7. O-O e5 8. Nb3
Nc6 9. Bg5 Be6 10. Nd5 Bxd5 11. exd5 Nb8 12. f4 Qb6+ 13. Kh1 exf4 1-0

[Event "10. HIT Open 2005 - B"]
[Site "Nova Gorica SLO"]
[Date "2005.01.28"]
[Round "2.20"]
[White "Ursic, Aleksander"]
[Black "Pulec, Lea"]
[Result "1-0"]
[WhiteElo "1948"]
[BlackElo "1554"]
[PlyCount "63"]
[EventDate "2005.01.28"]
[EventType "swiss"]
[EventRounds "9"]
[EventCountry "SLO"]
[Source "lmi"]
[SourceDate "2005.02.03"]

1. d4 d5 2. Nf3 Nc6 3. c3 Nf6 4. Bf4 Bg4 5. Nbd2 e6 6. e3 Bd6 7. Qc2 Bxf4 8.
exf4 Qd6 9. Ne5 Bf5 10. Bd3 Bxd3 11. Qxd3 O-O 12. O-O Ne7 13. b4 Nf5 14. Rfe1
Rfe8 15. a4 Nd7 16. Qb5 Nb6 17. a5 a6 18. Qd3 Nd7 19. Kh1 f6 20. Nxd7 Qxd7 21.
Nb3 b6 22. axb6 Qb5 23. Qxb5 axb5 24. bxc7 Rec8 25. Rxa8 Rxa8 26. Rxe6 Rc8 27.
Rc6 Ne7 28. Rc5 Kf7 29. g4 Ke6 30. Rxb5 Rxc7 31. Nc5+ Kf7 32. Kg2 1-0

[Event "10. HIT Open 2005 - B"]
[Site "Nova Gorica SLO"]
[Date "2005.01.28"]
[Round "2.21"]
[White "Mikuz, Slavko"]
[Black "Mircoli, Filippo"]
[Result "0-1"]
[WhiteElo "1634"]
[BlackElo "1928"]
[PlyCount "33"]
[EventDate "2005.01.28"]
[EventType "swiss"]
[EventRounds "9"]
[EventCountry "SLO"]
[Source "lmi"]
[SourceDate "2005.02.03"]

1. e4 e5 2. Nf3 Nc6 3. Bc4 Nf6 4. Ng5 d5 5. exd5 Na5 6. Bb5+ c6 7. dxc6 bxc6 8.
Be2 h6 9. Nf3 e4 10. Ne5 Bd6 11. Nc4 Nxc4 12. Bxc4 O-O 13. O-O Bxh2+ 14. Kxh2
Ng4+ 15. Kg1 Qh4 16. Re1 Qxf2+ 17. Kh1 0-1

[Event "10. HIT Open 2005 - B"]
[Site "Nova Gorica SLO"]
[Date "2005.01.28"]
[Round "2.22"]
[White "Portelli, Severino"]
[Black "Skrinjar, Matic"]
[Result "0-1"]
[WhiteElo "1903"]
[BlackElo "1527"]
[PlyCount "50"]
[EventDate "2005.01.28"]
[EventType "swiss"]
[EventRounds "9"]
[EventCountry "SLO"]
[Source "lmi"]
[SourceDate "2005.02.03"]

1. d4 d5 2. c4 dxc4 3. Nf3 Nf6 4. Nc3 Bf5 5. Qa4+ Qd7 6. Qxc4 Qc6 7. Qb3 Nbd7
8. Ng5 e6 9. e3 a6 10. Nf3 O-O-O 11. Be2 Bd6 12. O-O g5 13. d5 exd5 14. Nd4
Bxh2+ 15. Kh1 Qd6 16. Nxf5 Qe5 17. Nd4 g4 18. Bxa6 Nc5 19. Bxb7+ Nxb7 20. Qa3
Qh5 21. Qa8+ Kd7 22. Qa4+ c6 23. Qxc6+ Ke7 24. Nf5+ Kf8 25. Qxf6 Bg3+ 0-1

[Event "10. HIT Open 2005 - B"]
[Site "Nova Gorica SLO"]
[Date "2005.01.28"]
[Round "2.23"]
[White "Zivkovic, Jan"]
[Black "Valic, Marjan"]
[Result "0-1"]
[WhiteElo "1850"]
[BlackElo "1565"]
[PlyCount "98"]
[EventDate "2005.01.28"]
[EventType "swiss"]
[EventRounds "9"]
[EventCountry "SLO"]
[Source "lmi"]
[SourceDate "2005.02.03"]

1. Nf3 d5 2. d4 Nf6 3. Bg5 Ne4 4. h4 h6 5. Bf4 Nc6 6. Qd3 a6 7. a3 Bf5 8. Qb3
b5 9. Nc3 e6 10. Nxe4 Bxe4 11. Qc3 Qd7 12. Ne5 Nxe5 13. Bxe5 Rc8 14. Qg3 f6 15.
Bf4 Bd6 16. Bxd6 cxd6 17. c3 O-O 18. f3 Bh7 19. e3 Rce8 20. Qh3 Qe7 21. f4 e5
22. dxe5 dxe5 23. f5 d4 24. e4 dxc3 25. bxc3 Rd8 26. Qe3 Qc7 27. Be2 Rd7 28.
Kf2 Rfd8 29. Rhd1 Kh8 30. Rxd7 Rxd7 31. a4 Qa5 32. Qc5 Bg8 33. Ra3 Qd8 34. axb5
axb5 35. Qxb5 Kh7 36. Ke3 Bf7 37. h5 Qc8 38. Qb4 Rc7 39. Kd2 Rb7 40. Qa5 Rb2+
41. Ke3 Qd7 42. Qa6 Qd2+ 43. Kf2 Qf4+ 44. Ke1 Rb1+ 45. Bd1 Bxh5 46. Ra1 Qxe4+
47. Kd2 Qxg2+ 48. Kd3 Rxd1+ 49. Rxd1 Be2+ 0-1

[Event "10. HIT Open 2005 - B"]
[Site "Nova Gorica SLO"]
[Date "2005.01.29"]
[Round "3.1"]
[White "Ursic, Jakob"]
[Black "Skok, Joze"]
[Result "0-1"]
[WhiteElo "1943"]
[BlackElo "2102"]
[PlyCount "60"]
[EventDate "2005.01.28"]
[EventType "swiss"]
[EventRounds "9"]
[EventCountry "SLO"]
[Source "lmi"]
[SourceDate "2005.02.03"]

1. e4 c6 2. d4 d5 3. exd5 cxd5 4. Nf3 Bg4 5. Be2 Nc6 6. O-O Nf6 7. Bf4 Qb6 8.
Be3 Qxb2 9. Nbd2 Qb6 10. c3 e6 11. Qc2 Bd6 12. c4 Qc7 13. h3 Bh5 14. c5 Bf4 15.
Bxf4 Qxf4 16. Rab1 Rb8 17. Bb5 O-O 18. Bxc6 bxc6 19. Qa4 Qc7 20. Ne5 Be2 21.
Qxc6 Qa5 22. Rxb8 Rxb8 23. Rb1 Rxb1+ 24. Nxb1 Qe1+ 25. Kh2 h6 26. Qa8+ Kh7 27.
c6 Qxf2 28. c7 Bf1 29. Qh8+ Kxh8 30. Nxf7+ Kh7 0-1